000 00444nam a2200157 4500
008 s2001 le ara u
040 _aLB-BrCRDP
082 1 _a892.72
_bB763a
100 1 _aمنى, بولس
245 1 0 _cمنى بولس
250 _aالأولى
260 _aجبيل
_bدار عصام حداد للطباعة النشر
_c2001
300 _a190 ص
942 _cBK
999 _c9246
_d9246